Регионална библиотека "Любен Каравелов" - Русе

Нормален изглед MARC изглед
  • Тодорова, Ива Нанчева

Вход 01. Лично име

Брой записи, използвани в: 3

001 - Контролен номер на записа

  • Контролно поле: 340445

003 - Код на организацията, даваща контролен номер

  • Контролно поле: BLK

005 - Дата и час на последна промяна на записа

  • Контролно поле: 20180420235655.0

008 - Данни с фиксирана дължина – обща информация

  • Данни с фиксирана дължина : 180420|| aca||aabn | a|a d

100 ## - ИМЕ НА ЛИЦЕ -ПЪРВИЧНА ИНТЕЛЕКТУАЛНА ОТГОВОРНОСТ

  • Лично име: Тодорова, Ива Нанчева
  • Ключова дума за отношение: прев.

942 ## - Системна служебна употреба

  • Koha auth type: PERSO_NAME
Vip Innovations Ltd, Rousse, Bulgaria 2025